[Event "Tournoi élite du Barreau de Paris"]
[Site "Paris, France"]
[Date "2021.09.05"]
[Round "2.1"]
[White "Razafindratsima, Timothe"]
[Black "Rakotomaharo, Fy Antenaina"]
[Result "1/2-1/2"]
[TimeControl "90'+30\""]
[WhiteTitle "FM"]
[BlackTitle "IM"]
[WhiteElo "2387"]
[BlackElo "2475"]

1. e4 {[%clk 01:30:57]} {[%emt 00:00:02]} e5 {[%clk 01:30:56]} {[%emt
00:00:04]} 2. Nf3 {[%clk 01:31:17]} {[%emt 00:00:09]} Nf6 {[%clk 01:31:04]}
{[%emt 00:00:21]} 3. Nxe5 {[%clk 01:31:33]} {[%emt 00:00:14]} d6 {[%clk
01:31:31]} {[%emt 00:00:04]} 4. Nf3 {[%clk 01:31:54]} {[%emt 00:00:09]} Nxe4
{[%clk 01:31:57]} {[%emt 00:00:04]} 5. Nc3 {[%clk 01:32:16]} {[%emt 00:00:08]}
Nxc3 {[%clk 01:32:22]} {[%emt 00:00:04]} 6. dxc3 {[%clk 01:32:40]} {[%emt
00:00:07]} Be7 {[%clk 01:32:49]} {[%emt 00:00:03]} 7. Be3 {[%clk 01:32:55]}
{[%emt 00:00:15]} O-O {[%clk 01:33:01]} {[%emt 00:00:18]} 8. Qd2 {[%clk
01:32:07]} {[%emt 00:01:19]} Nd7 {[%clk 01:33:24]} {[%emt 00:00:06]} 9. O-O-O
{[%clk 01:28:25]} {[%emt 00:04:13]} Re8 {[%clk 01:33:40]} {[%emt 00:00:14]} 10.
h4 {[%clk 01:27:26]} {[%emt 00:01:28]} Nf6 {[%clk 01:33:19]} {[%emt 00:00:51]}
11. Bd3 {[%clk 01:24:45]} {[%emt 00:03:12]} c5 {[%clk 01:26:26]} {[%emt
00:07:22]} 12. Bg5 {[%clk 01:21:57]} {[%emt 00:03:19]} d5 {[%clk 01:21:54]}
{[%emt 00:05:01]} 13. c4 {[%clk 01:04:59]} {[%emt 00:17:30]} dxc4 {[%clk
01:03:33]} {[%emt 00:18:50]} 14. Bxc4 {[%clk 01:05:01]} {[%emt 00:00:27]} Qxd2+
{[%clk 01:03:57]} {[%emt 00:00:07]} 15. Rxd2 {[%clk 01:01:54]} {[%emt
00:03:38]} Bf5 {[%clk 00:46:59]} {[%emt 00:17:27]} 16. Ne5 {[%clk 00:54:16]}
{[%emt 00:08:09]} Be6 {[%clk 00:47:10]} {[%emt 00:00:19]} 17. Bxe6 {[%clk
00:54:12]} {[%emt 00:00:34]} fxe6 {[%clk 00:47:35]} {[%emt 00:00:04]} 18. Re1
{[%clk 00:52:33]} {[%emt 00:02:10]} Rad8 {[%clk 00:44:25]} {[%emt 00:03:40]} 19.
Rde2 {[%clk 00:47:36]} {[%emt 00:05:27]} h6 {[%clk 00:43:31]} {[%emt 00:01:23]}
20. Bxf6 {[%clk 00:47:40]} {[%emt 00:00:26]} Bxf6 {[%clk 00:43:37]} {[%emt
00:00:23]} 21. g3 {[%clk 00:48:01]} {[%emt 00:00:10]} Rd5 {[%clk 00:41:55]}
{[%emt 00:02:11]} 22. a4 {[%clk 00:40:35]} {[%emt 00:07:56]} Bxe5 {[%clk
00:36:54]} {[%emt 00:05:31]} 23. Rxe5 {[%clk 00:40:59]} {[%emt 00:00:06]} Kf7
{[%clk 00:37:21]} {[%emt 00:00:02]} 24. R5e3 {[%clk 00:39:05]} {[%emt
00:02:24]} b6 {[%clk 00:35:02]} {[%emt 00:02:49]} 25. a5 {[%clk 00:32:57]}
{[%emt 00:06:38]} Kf6 {[%clk 00:28:17]} {[%emt 00:07:15]} 26. axb6 {[%clk
00:31:21]} {[%emt 00:02:07]} axb6 {[%clk 00:28:43]} {[%emt 00:00:04]} 27. Ra3
{[%clk 00:31:46]} {[%emt 00:00:05]} Red8 {[%clk 00:26:55]} {[%emt 00:02:18]} 28.
Ra6 {[%clk 00:22:58]} {[%emt 00:09:19]} R8d6 {[%clk 00:27:10]} {[%emt
00:00:14]} 29. b3 {[%clk 00:22:03]} {[%emt 00:01:25]} g5 {[%clk 00:24:32]}
{[%emt 00:03:08]} 30. hxg5+ {[%clk 00:19:19]} {[%emt 00:03:14]} hxg5 {[%clk
00:24:56]} {[%emt 00:00:05]} 31. f3 {[%clk 00:19:00]} {[%emt 00:00:49]} 1/2-1/2

[Event "Tournoi élite du Barreau de Paris"]
[Site "Paris, France"]
[Date "2021.09.05"]
[Round "2.3"]
[White "Kuhn, Clement"]
[Black "Vlachos, Anatole"]
[Result "0-1"]
[TimeControl "90'+30\""]
[WhiteTitle "FM"]
[BlackTitle "IM"]
[WhiteElo "2302"]
[BlackElo "2421"]

1. e4 {[%clk 01:30:54]} {[%emt 00:00:04]} e5 {[%clk 01:30:58]} {[%emt
00:00:03]} 2. Nf3 {[%clk 01:31:17]} {[%emt 00:00:07]} Nc6 {[%clk 01:31:24]}
{[%emt 00:00:04]} 3. Bb5 {[%clk 01:31:41]} {[%emt 00:00:06]} a6 {[%clk
01:31:50]} {[%emt 00:00:03]} 4. Ba4 {[%clk 01:32:06]} {[%emt 00:00:06]} Nf6
{[%clk 01:32:17]} {[%emt 00:00:03]} 5. d3 {[%clk 01:32:32]} {[%emt 00:00:05]}
b5 {[%clk 01:30:56]} {[%emt 00:01:51]} 6. Bb3 {[%clk 01:32:50]} {[%emt
00:00:11]} Be7 {[%clk 01:31:23]} {[%emt 00:00:02]} 7. a4 {[%clk 01:33:11]}
{[%emt 00:00:10]} b4 {[%clk 01:31:42]} {[%emt 00:00:11]} 8. Nbd2 {[%clk
01:33:26]} {[%emt 00:00:15]} O-O {[%clk 01:31:54]} {[%emt 00:00:17]} 9. Nc4
{[%clk 01:32:55]} {[%emt 00:01:01]} d6 {[%clk 01:30:55]} {[%emt 00:01:30]} 10.
h3 {[%clk 01:33:17]} {[%emt 00:00:08]} Be6 {[%clk 01:30:11]} {[%emt 00:01:14]}
11. a5 {[%clk 01:33:02]} {[%emt 00:00:46]} Qc8 {[%clk 01:29:36]} {[%emt
00:01:04]} 12. Be3 {[%clk 01:29:45]} {[%emt 00:03:46]} d5 {[%clk 01:19:36]}
{[%emt 00:10:31]} 13. exd5 {[%clk 01:27:34]} {[%emt 00:02:42]} Bxd5 {[%clk
01:16:22]} {[%emt 00:03:44]} 14. Ba4 {[%clk 01:16:58]} {[%emt 00:11:06]} e4
{[%clk 01:13:07]} {[%emt 00:03:45]} 15. dxe4 {[%clk 01:17:10]} {[%emt
00:00:18]} Bxe4 {[%clk 01:13:24]} {[%emt 00:00:13]} 16. Qe2 {[%clk 01:10:22]}
{[%emt 00:07:19]} Qf5 {[%clk 01:07:23]} {[%emt 00:06:30]} 17. O-O-O {[%clk
01:03:21]} {[%emt 00:07:31]} b3 {[%clk 01:04:20]} {[%emt 00:03:33]} 18. c3
{[%clk 00:55:32]} {[%emt 00:08:20]} Rab8 {[%clk 00:53:32]} {[%emt 00:11:17]} 19.
Rhg1 {[%clk 00:48:26]} {[%emt 00:07:36]} Rfd8 {[%clk 00:37:49]} {[%emt
00:16:12]} 20. Rxd8+ {[%clk 00:41:39]} {[%emt 00:07:18]} Rxd8 {[%clk 00:35:20]}
{[%emt 00:02:59]} 21. Nfd2 {[%clk 00:39:16]} {[%emt 00:02:54]} Nxa5 {[%clk
00:32:21]} {[%emt 00:03:29]} 22. Nxa5 {[%clk 00:37:11]} {[%emt 00:02:35]} Qxa5
{[%clk 00:31:36]} {[%emt 00:01:14]} 23. Qc4 {[%clk 00:37:35]} {[%emt 00:00:06]}
Rxd2 {[%clk 00:25:53]} {[%emt 00:06:13]} 24. Kxd2 {[%clk 00:33:16]} {[%emt
00:04:50]} Bd5 {[%clk 00:24:46]} {[%emt 00:01:36]} 25. Qd4 {[%clk 00:32:24]}
{[%emt 00:01:22]} Bc5 {[%clk 00:25:09]} {[%emt 00:00:07]} 26. Qh4 {[%clk
00:31:32]} {[%emt 00:01:22]} Ne4+ {[%clk 00:24:24]} {[%emt 00:01:14]} 27. Ke2
{[%clk 00:30:17]} {[%emt 00:01:46]} g5 {[%clk 00:24:24]} {[%emt 00:00:29]} 28.
Qg4 {[%clk 00:30:07]} {[%emt 00:00:40]} Qxa4 {[%clk 00:24:06]} {[%emt
00:00:49]} 29. Bxc5 {[%clk 00:29:03]} {[%emt 00:01:35]} Qc4+ {[%clk 00:24:29]}
{[%emt 00:00:07]} 30. Ke1 {[%clk 00:29:18]} {[%emt 00:00:14]} Qxc5 {[%clk
00:24:38]} {[%emt 00:00:22]} 31. Rf1 {[%clk 00:29:18]} {[%emt 00:00:30]} h6
{[%clk 00:22:23]} {[%emt 00:02:44]} 32. Qc8+ {[%clk 00:29:21]} {[%emt
00:00:28]} Kg7 {[%clk 00:22:38]} {[%emt 00:00:15]} 33. Qf5 {[%clk 00:29:39]}
{[%emt 00:00:11]} Qa5 {[%clk 00:21:50]} {[%emt 00:01:18]} 34. Qe5+ {[%clk
00:29:35]} {[%emt 00:00:35]} Kg6 {[%clk 00:21:18]} {[%emt 00:01:01]} 35. Qd4
{[%clk 00:28:59]} {[%emt 00:01:05]} Qa1+ {[%clk 00:20:51]} {[%emt 00:00:58]} 36.
Qd1 {[%clk 00:29:28]} {[%emt 00:00:02]} Qxd1+ {[%clk 00:18:12]} {[%emt
00:03:09]} 37. Kxd1 {[%clk 00:29:56]} {[%emt 00:00:02]} Bc4 {[%clk 00:18:19]}
{[%emt 00:00:23]} 38. Re1 {[%clk 00:30:25]} {[%emt 00:00:01]} Nxf2+ {[%clk
00:18:24]} {[%emt 00:00:26]} 39. Kd2 {[%clk 00:30:53]} Nd3 {[%clk 00:17:48]}
{[%emt 00:01:06]} 40. Re7 {[%clk 00:31:22]} {[%emt 00:00:03]} Nxb2 {[%clk
00:17:55]} {[%emt 00:00:23]} 41. Rxc7 {[%clk 00:31:50]} {[%emt 00:00:02]} Be6
{[%clk 00:18:17]} {[%emt 00:00:08]} 42. Rb7 {[%clk 00:31:00]} {[%emt 00:01:20]}
Nc4+ {[%clk 00:18:40]} {[%emt 00:00:07]} 43. Kd3 {[%clk 00:31:25]} {[%emt
00:00:05]} b2 {[%clk 00:19:04]} {[%emt 00:00:06]} 44. g4 {[%clk 00:31:52]}
{[%emt 00:00:03]} Bd5 {[%clk 00:19:06]} {[%emt 00:00:29]} 45. Rb4 {[%clk
00:32:02]} {[%emt 00:00:19]} a5 {[%clk 00:19:11]} {[%emt 00:00:25]} 46. Rb8
{[%clk 00:32:31]} {[%emt 00:00:02]} a4 {[%clk 00:19:31]} {[%emt 00:00:10]} 0-1

[ePGN "0.1;DGT LiveChess/2.2.5"]

[Event "Tournoi élite du Barreau de Paris"]
[Site "Paris, France"]
[Date "2021.09.11"]
[Round "3.2"]
[White "Vlachos, Anatole"]
[Black "Travadon, Loic"]
[Result "1/2-1/2"]
[TimeControl "90'+30\""]
[WhiteTitle "IM"]
[BlackTitle "IM"]
[WhiteElo "2421"]
[BlackElo "2429"]

1. e4 {[%clk 01:30:58]} c6 {[%clk 01:30:54]} {[%emt 00:00:06]} 2. Nc3 {[%clk
01:29:05]} {[%emt 00:02:23]} d5 {[%clk 01:31:17]} {[%emt 00:00:07]} 3. Nf3
{[%clk 01:29:33]} {[%emt 00:00:03]} dxe4 {[%clk 01:31:23]} {[%emt 00:00:24]} 4.
Nxe4 {[%clk 01:30:01]} {[%emt 00:00:02]} Nf6 {[%clk 01:31:30]} {[%emt
00:00:23]} 5. Qe2 {[%clk 01:30:27]} {[%emt 00:00:05]} Nxe4 {[%clk 01:31:50]}
{[%emt 00:00:10]} 6. Qxe4 {[%clk 01:30:53]} {[%emt 00:00:04]} Nd7 {[%clk
01:32:03]} {[%emt 00:00:17]} 7. Bc4 {[%clk 01:31:17]} {[%emt 00:00:06]} Nf6
{[%clk 01:32:23]} {[%emt 00:00:10]} 8. Ne5 {[%clk 01:31:43]} {[%emt 00:00:04]}
e6 {[%clk 01:32:49]} {[%emt 00:00:04]} 9. Qe2 {[%clk 01:32:11]} {[%emt
00:00:02]} b5 {[%clk 01:33:00]} {[%emt 00:00:19]} 10. Bb3 {[%clk 01:32:26]}
{[%emt 00:00:16]} Qc7 {[%clk 01:32:57]} {[%emt 00:00:33]} 11. O-O {[%clk
01:32:12]} {[%emt 00:00:43]} Bd6 {[%clk 01:33:02]} {[%emt 00:00:26]} 12. d4
{[%clk 01:32:39]} {[%emt 00:00:03]} O-O {[%clk 01:33:17]} {[%emt 00:00:14]} 13.
Bf4 {[%clk 01:33:06]} {[%emt 00:00:03]} a5 {[%clk 01:30:05]} {[%emt 00:03:43]}
14. c3 {[%clk 01:24:14]} {[%emt 00:09:21]} Bb7 {[%clk 01:22:42]} {[%emt
00:07:53]} 15. Rfd1 {[%clk 01:20:30]} {[%emt 00:04:14]} c5 {[%clk 01:19:50]}
{[%emt 00:03:21]} 16. dxc5 {[%clk 01:15:35]} {[%emt 00:05:26]} Bxc5 {[%clk
01:19:51]} {[%emt 00:00:29]} 17. Qxb5 {[%clk 01:14:39]} {[%emt 00:01:26]} Ba6
{[%clk 01:01:40]} {[%emt 00:18:41]} 18. Qa4 {[%clk 01:06:41]} {[%emt 00:08:28]}
Nh5 {[%clk 00:55:23]} {[%emt 00:06:47]} 19. Bc2 {[%clk 00:56:43]} {[%emt
00:10:28]} Nxf4 {[%clk 00:51:28]} {[%emt 00:04:24]} 20. Qxf4 {[%clk 00:57:01]}
{[%emt 00:00:10]} Bd6 {[%clk 00:51:38]} {[%emt 00:00:24]} 21. Qh4 {[%clk
00:54:52]} {[%emt 00:02:39]} g6 {[%clk 00:51:49]} {[%emt 00:00:19]} 22. Nf3
{[%clk 00:49:06]} {[%emt 00:06:15]} Rab8 {[%clk 00:50:50]} {[%emt 00:01:29]} 23.
Ng5 {[%clk 00:34:51]} {[%emt 00:14:45]} h5 {[%clk 00:51:13]} {[%emt 00:00:07]}
24. Rab1 {[%clk 00:13:13]} {[%emt 00:22:08]} Be7 {[%clk 00:51:22]} {[%emt
00:00:20]} 25. Kh1 {[%clk 00:12:15]} {[%emt 00:01:29]} Qc4 {[%clk 00:49:47]}
{[%emt 00:02:05]} 26. Qg3 {[%clk 00:05:55]} {[%emt 00:06:49]} h4 {[%clk
00:49:52]} {[%emt 00:00:26]} 27. Qe3 {[%clk 00:05:44]} {[%emt 00:00:41]} Qe2
{[%clk 00:50:07]} {[%emt 00:00:14]} 28. Qxe2 {[%clk 00:04:56]} {[%emt
00:01:18]} Bxe2 {[%clk 00:50:35]} {[%emt 00:00:02]} 29. Rd2 {[%clk 00:05:16]}
{[%emt 00:00:10]} Bc4 {[%clk 00:50:53]} {[%emt 00:00:12]} 30. Nf3 {[%clk
00:04:32]} {[%emt 00:01:15]} Bxa2 {[%clk 00:51:16]} {[%emt 00:00:07]} 31. Ra1
{[%clk 00:05:01]} Rxb2 {[%clk 00:51:31]} {[%emt 00:00:15]} 32. Be4 {[%clk
00:03:36]} {[%emt 00:01:55]} Rxd2 {[%clk 00:46:54]} {[%emt 00:05:08]} 33. Nxd2
{[%clk 00:04:04]} {[%emt 00:00:02]} Bd5 {[%clk 00:46:59]} {[%emt 00:00:24]} 34.
Bxd5 {[%clk 00:04:29]} {[%emt 00:00:05]} exd5 {[%clk 00:47:23]} {[%emt
00:00:07]} 35. Rxa5 {[%clk 00:04:57]} {[%emt 00:00:01]} Rd8 {[%clk 00:45:54]}
{[%emt 00:01:59]} 36. Nf3 {[%clk 00:05:25]} {[%emt 00:00:03]} Bf6 {[%clk
00:45:17]} {[%emt 00:01:06]} 37. Rc5 {[%clk 00:05:19]} {[%emt 00:00:36]} Ra8
{[%clk 00:45:19]} {[%emt 00:00:29]} 38. h3 {[%clk 00:04:21]} {[%emt 00:01:27]}
Ra1+ {[%clk 00:45:10]} {[%emt 00:00:39]} 39. Kh2 {[%clk 00:04:43]} {[%emt
00:00:09]} Rd1 {[%clk 00:45:10]} {[%emt 00:00:30]} 40. c4 {[%clk 00:03:37]}
{[%emt 00:01:36]} d4 {[%clk 00:45:30]} {[%emt 00:00:10]} 41. Rd5 {[%clk
00:03:41]} {[%emt 00:00:26]} Kf8 {[%clk 00:45:11]} {[%emt 00:00:49]} 42. c5
{[%clk 00:03:50]} {[%emt 00:00:21]} d3 {[%clk 00:42:45]} {[%emt 00:02:56]} 43.
Ne5 {[%clk 00:03:39]} {[%emt 00:00:40]} Bxe5+ {[%clk 00:40:24]} {[%emt
00:02:51]} 44. Rxe5 {[%clk 00:04:08]} {[%emt 00:00:01]} Rf1 {[%clk 00:40:37]}
{[%emt 00:00:17]} 45. Rd5 {[%clk 00:04:37]} {[%emt 00:00:02]} Rxf2 {[%clk
00:40:58]} {[%emt 00:00:09]} 46. Rxd3 {[%clk 00:05:06]} {[%emt 00:00:02]} Rc2
{[%clk 00:41:15]} {[%emt 00:00:12]} 47. Rd4 {[%clk 00:04:08]} {[%emt 00:01:27]}
g5 {[%clk 00:41:39]} {[%emt 00:00:06]} 48. Rd5 {[%clk 00:03:39]} {[%emt
00:01:00]} f6 {[%clk 00:42:07]} {[%emt 00:00:02]} 49. Rd6 {[%clk 00:03:55]}
{[%emt 00:00:13]} Ke7 {[%clk 00:42:32]} {[%emt 00:00:06]} 50. Rc6 {[%clk
00:04:15]} {[%emt 00:00:10]} Kf7 {[%clk 00:42:18]} {[%emt 00:00:43]} 51. Rc8
{[%clk 00:04:25]} {[%emt 00:00:20]} Ke6 {[%clk 00:41:32]} {[%emt 00:01:16]} 52.
c6 {[%clk 00:02:46]} {[%emt 00:02:09]} Kd6 {[%clk 00:41:48]} {[%emt 00:00:14]}
53. Rf8 {[%clk 00:02:44]} {[%emt 00:00:31]} Ke5 {[%clk 00:41:58]} {[%emt
00:00:20]} 54. Rc8 {[%clk 00:02:47]} {[%emt 00:00:27]} Kf4 {[%clk 00:42:21]}
{[%emt 00:00:07]} 55. c7 {[%clk 00:02:07]} {[%emt 00:01:10]} f5 {[%clk
00:42:42]} {[%emt 00:00:09]} 56. Ra8 {[%clk 00:02:12]} {[%emt 00:00:25]} Rxc7
{[%clk 00:43:10]} {[%emt 00:00:02]} 57. Ra4+ {[%clk 00:02:40]} {[%emt
00:00:03]} Ke5 {[%clk 00:43:25]} {[%emt 00:00:15]} 58. Ra5+ {[%clk 00:03:09]}
{[%emt 00:00:01]} Ke4 {[%clk 00:43:48]} {[%emt 00:00:06]} 59. Ra4+ {[%clk
00:03:32]} {[%emt 00:00:07]} Kd5 {[%clk 00:44:05]} {[%emt 00:00:12]} 60. Ra8
{[%clk 00:03:00]} {[%emt 00:01:02]} Rc3 {[%clk 00:43:32]} {[%emt 00:01:04]} 61.
Rg8 {[%clk 00:02:23]} {[%emt 00:01:07]} Rg3 {[%clk 00:43:55]} {[%emt 00:00:06]}
62. Re8 {[%clk 00:02:40]} {[%emt 00:00:13]} f4 {[%clk 00:43:54]} {[%emt
00:00:31]} 63. Re7 {[%clk 00:02:08]} {[%emt 00:01:01]} Kd4 {[%clk 00:44:20]}
{[%emt 00:00:05]} 64. Re8 {[%clk 00:02:27]} {[%emt 00:00:10]} Kd3 {[%clk
00:44:45]} {[%emt 00:00:06]} 65. Re5 {[%clk 00:02:47]} {[%emt 00:00:10]} Kd2
{[%clk 00:45:09]} {[%emt 00:00:06]} 66. Re8 {[%clk 00:02:20]} {[%emt 00:00:57]}
Re3 {[%clk 00:45:16]} {[%emt 00:00:22]} 67. Ra8 {[%clk 00:01:46]} {[%emt
00:01:04]} Re2 {[%clk 00:39:38]} {[%emt 00:06:09]} 68. Kg1 {[%clk 00:01:21]}
{[%emt 00:00:55]} Re1+ {[%clk 00:37:42]} {[%emt 00:02:27]} 69. Kf2 {[%clk
00:01:44]} {[%emt 00:00:06]} Re3 {[%clk 00:38:07]} {[%emt 00:00:05]} 70. Ra5
{[%clk 00:01:25]} {[%emt 00:00:48]} Rg3 {[%clk 00:38:29]} {[%emt 00:00:10]} 71.
Ra2+ {[%clk 00:01:51]} {[%emt 00:00:04]} Kd3 {[%clk 00:38:49]} {[%emt
00:00:10]} 72. Ra3+ {[%clk 00:01:55]} {[%emt 00:00:26]} Ke4 {[%clk 00:39:14]}
{[%emt 00:00:05]} 73. Ra4+ {[%clk 00:01:50]} {[%emt 00:00:34]} Kf5 {[%clk
00:39:42]} {[%emt 00:00:03]} 74. Ra5+ {[%clk 00:02:18]} {[%emt 00:00:02]} Kg6
{[%clk 00:40:01]} {[%emt 00:00:11]} 75. Ra6+ {[%clk 00:02:46]} {[%emt
00:00:02]} Kh5 {[%clk 00:40:30]} 76. Rf6 {[%clk 00:02:58]} {[%emt 00:00:18]}
Ra3 {[%clk 00:40:44]} {[%emt 00:00:17]} 77. Rb6 {[%clk 00:03:07]} {[%emt
00:00:22]} Ra5 {[%clk 00:40:29]} {[%emt 00:00:43]} 78. Kf3 {[%clk 00:03:06]}
{[%emt 00:00:31]} Ra8 {[%clk 00:40:42]} {[%emt 00:00:17]} 79. Rc6 {[%clk
00:03:21]} {[%emt 00:00:15]} Rg8 {[%clk 00:41:06]} {[%emt 00:00:05]} 80. Ra6
{[%clk 00:03:29]} {[%emt 00:00:20]} Rg6 {[%clk 00:41:31]} {[%emt 00:00:06]} 81.
Ra8 {[%clk 00:02:57]} {[%emt 00:01:03]} Rd6 {[%clk 00:40:48]} {[%emt 00:01:13]}
82. Rg8 {[%clk 00:03:09]} {[%emt 00:00:18]} Rd3+ {[%clk 00:40:50]} {[%emt
00:00:29]} 83. Ke4 {[%clk 00:02:38]} {[%emt 00:00:58]} Rd7 {[%clk 00:39:21]}
{[%emt 00:02:02]} 84. Kf5 {[%clk 00:02:42]} {[%emt 00:00:24]} Rf7+ {[%clk
00:39:28]} {[%emt 00:00:25]} 85. Ke6 {[%clk 00:03:04]} {[%emt 00:00:07]} Ra7
{[%clk 00:39:08]} {[%emt 00:00:52]} 86. Kf6 {[%clk 00:03:14]} {[%emt 00:00:20]}
Ra6+ {[%clk 00:39:28]} {[%emt 00:00:10]} 87. Kf5 {[%clk 00:03:38]} {[%emt
00:00:04]} 1/2-1/2

[Event "Tournoi élite du Barreau de Paris"]
[Site "Paris, France"]
[Date "2021.09.11"]
[Round "3.1"]
[White "Rakotomaharo, Fy Antenaina"]
[Black "Kuhn, Clement"]
[Result "1/2-1/2"]
[TimeControl "90'+30\""]
[WhiteTitle "IM"]
[BlackTitle "FM"]
[WhiteElo "2475"]
[BlackElo "2302"]

1. d4 {[%emt 00:25:51]} Nf6 {[%emt 00:00:04]} 2. Nf3 {[%emt 00:00:04]} e6
{[%emt 00:00:04]} 3. Bf4 {[%emt 00:00:04]} b6 {[%emt 00:00:03]} 4. e3 {[%emt
00:00:03]} Bb7 {[%emt 00:00:04]} 5. h3 {[%emt 00:00:03]} Be7 {[%emt 00:00:05]}
6. Bd3 {[%emt 00:00:03]} d6 {[%emt 00:00:04]} 7. O-O {[%emt 00:00:04]} Nbd7
{[%emt 00:00:03]} 8. Nbd2 {[%emt 00:00:03]} c5 {[%emt 00:00:03]} 9. Bh2 {[%emt
00:00:05]} O-O {[%emt 00:00:12]} 10. Qe2 {[%emt 00:00:03]} d5 {[%emt 00:00:04]}
11. c3 {[%emt 00:00:03]} Ne4 {[%emt 00:00:32]} 12. a4 {[%emt 00:00:03]} f5
{[%emt 00:00:05]} 13. a5 {[%emt 00:00:03]} Bf6 {[%emt 00:00:03]} 14. Bb5 {[%emt
00:00:03]} Nb8 {[%emt 00:00:03]} 15. axb6 {[%emt 00:00:05]} Qxb6 {[%emt
00:00:04]} 16. Nxe4 {[%emt 00:00:05]} fxe4 {[%emt 00:00:05]} 17. Ne5 {[%emt
00:00:06]} a6 {[%emt 00:00:05]} 18. Ba4 {[%emt 00:00:03]} Bxe5 {[%emt
00:00:04]} 19. Bxe5 {[%emt 00:00:06]} Nc6 {[%emt 00:00:12]} 20. Bh2 {[%emt
00:00:04]} Rf6 {[%emt 00:00:04]} 21. f3 {[%emt 00:00:04]} exf3 {[%emt
00:00:19]} 22. Rxf3 {[%emt 00:00:04]} Raf8 {[%emt 00:00:04]} 23. Kh1 {[%emt
00:00:03]} a5 {[%emt 00:00:03]} 24. Rxf6 {[%emt 00:00:04]} Rxf6 {[%emt
00:00:03]} 25. Bg3 {[%emt 00:00:04]} cxd4 {[%emt 00:00:04]} 26. exd4 {[%emt
00:00:05]} Ba6 {[%emt 00:00:04]} 27. Qd2 {[%emt 00:00:03]} Ne7 {[%emt
00:00:03]} 28. Bh4 {[%emt 00:00:05]} Rf7 {[%emt 00:00:03]} 29. Re1 {[%emt
00:00:04]} Nf5 {[%emt 00:00:04]} 30. Bf2 {[%emt 00:00:03]} Qd6 {[%emt
00:00:03]} 31. Re5 {[%emt 00:00:03]} Ne7 {[%emt 00:00:03]} 32. Qe1 {[%emt
00:00:04]} Rf6 {[%emt 00:00:03]} 33. Bc2 {[%emt 00:00:04]} Ng6 {[%emt
00:00:04]} 34. Re3 {[%emt 00:00:04]} Qf8 {[%emt 00:00:18]} 35. Kg1 {[%emt
00:00:03]} Nf4 {[%emt 00:00:03]} 36. Qd2 {[%emt 00:00:03]} h6 {[%emt 00:00:02]}
37. Bg3 {[%emt 00:00:03]} Nh5 {[%emt 00:00:03]} 38. Bd3 {[%emt 00:00:03]} Bxd3
{[%emt 00:00:04]} 39. Qxd3 {[%emt 00:00:04]} Nxg3 {[%emt 00:00:06]} 40. Rxg3
{[%emt 00:00:06]} Qb8 {[%emt 00:00:05]} 41. Rg6 {[%emt 00:00:03]} Kf7 {[%emt
00:00:03]} 42. Rxf6+ {[%emt 00:00:03]} Kxf6 {[%emt 00:00:04]} 43. Qc2 {[%emt
00:00:05]} Qb5 {[%emt 00:00:03]} 44. b3 {[%emt 00:00:04]} Qb6 {[%emt 00:00:03]}
45. Kf1 {[%emt 00:00:03]} Kf7 {[%emt 00:00:03]} 46. Ke1 {[%emt 00:00:02]} Qd6
{[%emt 00:00:03]} 47. Qf2+ {[%emt 00:00:03]} Kg6 {[%emt 00:00:04]} 48. Qe2
{[%emt 00:00:03]} Kf7 {[%emt 00:00:03]} 49. Kd2 {[%emt 00:00:03]} Qa3 {[%emt
00:00:04]} 50. Qf1+ {[%emt 00:00:02]} Kg6 {[%emt 00:00:03]} 51. Qb1+ {[%emt
00:00:03]} Kf6 {[%emt 00:00:03]} 52. g4 {[%emt 00:00:03]} Qd6 {[%emt 00:00:03]}
53. Qf1+ {[%emt 00:00:04]} Kg6 {[%emt 00:00:03]} 54. Kc2 {[%emt 00:00:03]} Qa3
{[%emt 00:00:03]} 55. Qb5 {[%emt 00:00:04]} Qa2+ {[%emt 00:00:04]} 56. Kd3
{[%emt 00:00:02]} Qb1+ {[%emt 00:00:02]} 57. Kd2 {[%emt 00:00:03]} Qb2+ {[%emt
00:00:02]} 58. Kd3 {[%emt 00:00:02]} Qb1+ {[%emt 00:00:02]} 59. Kd2 {[%emt
00:00:07]} 1/2-1/2